Statistics for Paris Saint-Germain Current Squad

Click here to take the quiz!

General Stats

  • This quiz has been taken 32 times
    (8 since last reset)
  • The average score is 28 of 42

Answer Stats

#PositionsNationsPlayers Name% Correct
2DFMorrocoAchraf Hakimi
100%
15MFPortugalDanilo Pereira
100%
38FWFranceEthan Mbappé
100%
9FWPortugalGonçalo Ramos
100%
1GKCosta RicaKeylor Navas
100%
7FWFranceKylian Mbappé
100%
-ManagerSpainLuis Enrique
100%
11FWSpainMarco Asensio
100%
5DFBrazilMarquinhos
100%
10FWFranceOusmane Dembélé
100%
3DFFrancePresnel Kimpembe
100%
28MFSpainCarlos Soler
88%
8MFSpainFabián Ruiz
88%
99GKItalyGianluigi Donnarumma
88%
4DFUruguayManuel Ugarte
88%
37FWSlovakiaMilan Škriniar
88%
25DFPortugalNuno Mendes
88%
23FWFranceRandal Kolo Muani
88%
17MFPortugalVitinha
88%
33MFFrenchWarren Zaïre-Emery
88%
29MFFranceBradley Barcola
75%
19MFSouth KoreaLee Kang-In
75%
21DFFranceLucas Hernandez
75%
16GKSpainSergio Rico
75%
30GKFranceAlexandre Letellier
63%
26DFFranceNordi Mukiele
63%
80GKSpainArnau Tenas
50%
44FWFranceHugo Ekitike
50%
-DFSpainJuan Bernat
50%
27MFItalyCher Ndour
38%
97DFFranceLayvin Kurzawa
38%
-MFPortugalRenato Sanches
38%
-MFNetherlandsXavi Simons
38%
-DFFranceColin Dagba
25%
-FWFranceIlyes Housni
25%
-MFSpainIsmaël Gharbi
25%
-FWFranceNoha Lemina
25%
-MFFranceAyman Kari
13%
-MFFranceÉdouard Michut
13%
50GKPortugalLouis Mouquet
13%
-GKFranceLucas Lavaleé
13%
-DFFranceVimoj Mutu Wa Mungu
13%

Score Distribution

Percentile by Number Answered

Percent of People with Each Score

Your Score History

You have not taken this quiz since the last reset